Statistiques concernant Les 40 plus grandes villes d'Ile de France

Cliquez ici pour prendre le quiz!

Statistiques générales

  • Ce quiz a été pris 1 191 fois
  • Le résultat moyen est 20 sur 40

Statistiques - réponses

HintRéponse% Correct
2125851Paris
98%
85994Saint Denis
87%
85761Versailles
82%
84270Nanterre
80%
81786Créteil
78%
106316Boulogne-Billancourt
73%
49397Evry
73%
90735Montreuil
71%
93932Argenteuil
69%
54816Cergy
66%
63130Aubervilliers
63%
59874Neuilly-sur-Seine
57%
57851Sarcelles
56%
52642Issy-les-Moulineaux
52%
50951Ivry-sur-Seine
52%
78908Vitry-sur-Seine
52%
50237Clichy
51%
59849Antony
50%
80030Aulnay-sous-Bois
50%
76690Colombes
50%
62271Drancy
49%
49348Meaux
49%
69665Courbevoie
47%
54750Levallois-Perret
47%
49919Pantin
44%
73599Rueil-Malmaison
43%
58193Noisy-le-Grand
40%
75832Asnières-sur-Seine
38%
74232Champigny-sur-Marne
36%
47414Villejuif
35%
47029Sevran
33%
73071Saint-Maur-des-Fossés
32%
46829Bondy
31%
48619Clamart
28%
45371Chelles
27%
51091Maisons-Alfort
27%
46838Le Blanc-Mesnil
25%
50222Sartrouville
24%
46558Epinay-sur-Seine
23%
50865Fontenay-sous-Bois
21%

Distribution des résultats

Percentile par nombre de réponses

% des personnes avec chaque résultat

Votre développement - résultats

Vous n’avez pas pris ce quiz